00394nam a22001217a 4500020001500000082002300015100002100038245002900059260006600088300001400154520008300168700002100251 a9698772006 a954.6052bMAZ 2003 aShireen M Mazari aThe Kargil Conflict 1999 aIslamabadbThe Institute of Strategic Studies Islamabadc2003 a162e24cm aPost-Simla Developments along the LOC, Post-1998 Nuclearisation of South Asia aShireen M Mazari